| 000 | 01098na a2200325 4500 | ||
|---|---|---|---|
| 001 | 17744 | ||
| 003 | MIRAKIL | ||
| 005 | 20181213154933.0 | ||
| 008 | 161104b tu 000 0 | ||
| 020 | _a9751928036 | ||
| 040 |
_aMilas _btur _cTR-AnCHP |
||
| 041 | _atur | ||
| 082 |
_a338.9372 _bS8 2001 |
||
| 090 | _a338.9372 S8 2001 | ||
| 245 |
_aSu ürünleri ve su ürünleri sanayii özel ihtisas komisyonu raporu _cDevlet Planlama Teşkilatı |
||
| 246 | _aSu ürünleri ve su ürünleri sanayii | ||
| 260 |
_aAnkara _bDPT _c2001 |
||
| 300 |
_a142 s. _btbl. _c27 sm. |
||
| 440 |
_aDPT _v2575 |
||
| 490 |
_aÖİK _v588 |
||
| 500 | _aSekizinci beş yıllık kalkınma planı özel ihtisas komisyonu raporu | ||
| 504 | _aKaynakça var. | ||
| 610 | _aDevlet Planlama Teşkilatı (DPT) | ||
| 650 |
_aSu ürünleri _xKalkınma planı, 2001 _yRaporlar |
||
| 651 |
_aTürkiye _xBeş yıllık kalkınma planları |
||
| 710 | _aDevlet Planlama Teşkilatı (DPT) | ||
| 740 | _aSu ürünleri ve su ürünleri sanayii | ||
| 830 | _aDevlet Planlama Teşkilatı Yayınları | ||
| 942 |
_2ddc _cBKS |
||
| 999 |
_c3485 _d3485 |
||